000 00412nam a2200169Ia 4500
008 121203t1945 xxu||||| |||| 00| 0 sin d
041 _asin
080 _a8S-1 14/15
_bALA
100 _aSenadira .D.W
245 _aසුභාෂිතය
246 _aSubhashithaya
260 _bY.Don Edvin
_a-
_c1945
300 _b44p., 21 cm
942 _cBK
999 _c77016
_d77016
003 LK-CoDNM
040 _aLK-CoDNM
_dLK-CoDNM
_eLK-CoDNM